000 002740000a22000970004500
100 1 _aLightner, Lydia
245 1 0 _aGod sees your heart, not background
300 _aVol. 76, Num. 4 (Octubre-Diciembre, 1996), Páginas 18-19
773 0 _tLatin America Evangelist
942 _cANA
999 _c55040
_d55040